| 000 | 00590nam a2200205Ia 4500 | ||
|---|---|---|---|
| 003 | GCL | ||
| 008 | 140319s9999 xx 000 0 ara d | ||
| 040 |
_aGCL / _cGCL |
||
| 082 | 0 | 4 |
_a398.2 _bف ق |
| 100 | 1 | _aفؤاد حسنين على | |
| 245 | 1 | 0 |
_aقصصنا الشعبى / _cفؤاد حسنين على |
| 300 | _a181 ص | ||
| 490 | _a | ||
| 650 | 0 | 4 | _aالادب العربى |
| 650 | 0 | 4 | _aالادب الشعبى |
| 650 | 0 | 4 | _aالف ليلة وليلة |
| 650 | 0 | 4 | _aالقصص الشعبية |
| 650 | 0 | 4 | _aالاهاجى والفكاهات العربية |
| 942 |
_2ddc _cBK |
||
| 999 |
_c39233 _d39233 |
||